| 000 | 00858cam a22002651 4500 | ||
|---|---|---|---|
| 001 | 12618 | ||
| 003 | BD-RjUL | ||
| 005 | 20211208235327.0 | ||
| 008 | 140129s1946 nyu b 001 0 eng | ||
| 035 | _a(BD-RjUL)12667 | ||
| 035 | _a(OCoLC)346648 | ||
| 040 |
_aU.S. Army Medical Libr _cOMC _dOClW-H _dDLC _dBD-RjUL _beng |
||
| 041 | _aeng | ||
| 082 |
_a616.8982 _bHOB 1946 |
||
| 100 | 1 |
_aHoskins, R. G. _q(Roy Graham), _d1880- _939307 |
|
| 245 | 1 | 4 |
_aThe biology of schizophrenia / _cby R. G. Hoskins. |
| 260 |
_aNew York ; _aLondon : _bW. W. Norton & Company, inc. ; _bChapman & Hall Ltd., _c1946. |
||
| 300 |
_a191, [1] p. ; _c21 cm. |
||
| 490 | 0 | _a[New York Academy of Medicine. Thomas William Salmon memorial lectures] | |
| 500 | _aIncludes index. | ||
| 650 | 0 |
_aDementia. _939308 |
|
| 942 |
_2ddc _cBK |
||
| 999 |
_c12618 _d12618 |
||